[Event "28. Klatovy B 2022"]
[Site "Klatovy"]
[Date "2022.07.03"]
[Round "2.23"]
[White "Bukvaj, Jan"]
[Black "Vavrinek, Tomas"]
[Result "1-0"]
[WhiteElo "1342"]
[BlackElo "1677"]
[PlyCount "91"]
[EventDate "2022.07.02"]
[EventType "swiss"]
[EventRounds "9"]
[EventCountry "CZE"]

1. c4 e6 2. Nc3 Nf6 3. g3 d5 4. cxd5 exd5 5. d4 c6 6. Bg2 Qb6 7. Nf3 Bd6 8. O-O h6 9. Re1 O-O 10. b3 Bf5 11. Bb2 Nbd7 12. Rc1 a5 13. Nh4 Bh7 14. e4 dxe4 15. Nxe4 Bb4 16. Bc3 Rfe8 17. Nxf6+ Nxf6 18. Rxe8+ Rxe8 19. Nf3 Ba3 20. Ra1 Nd5 21. Qd2 Nxc3 22. Qxc3 Bb4 23. Qc4 Bf5 24. Ne5 Be6 25. d5 cxd5 26. Bxd5 Bxd5 27. Qxd5 Qf6 28. f4 Bc3 29. Rc1 Bxe5 30. fxe5 Rxe5 31. Qxb7 Re2 32. Rf1 Qd4+ 33. Kh1 Qe4+ 34. Qxe4 Rxe4 35. Rf4 Rb4 36. Kg2 f6 37. Rxb4 axb4 38. Kf3 Kf7 39. Ke4 Ke6 40. Kd4 g5 41. Kc4 f5 42. Kxb4 f4 43. gxf4 gxf4 44. Kc3 Ke5 45. Kd3 Kd5 46. a4 1-0

[Event "28. Klatovy B 2022"]
[Site "Klatovy"]
[Date "2022.07.03"]
[Round "2.24"]
[White "Berka, Lubos"]
[Black "Pasek, Josef"]
[Result "1-0"]
[WhiteElo "1677"]
[BlackElo "1314"]
[PlyCount "73"]
[EventDate "2022.07.02"]
[EventType "swiss"]
[EventRounds "9"]
[EventCountry "CZE"]

1. e4 c5 2. Nc3 Nc6 3. g3 e6 4. Bg2 Nge7 5. Nge2 g6 6. O-O Bg7 7. d3 O-O 8. Be3 Nd4 9. f4 d6 10. a4 Nec6 11. h3 a6 12. Qd2 f5 13. Kh2 Rb8 14. Rab1 b5 15. axb5 axb5 16. b3 Kh8 17. Nd1 Nxe2 18. Qxe2 Bb7 19. Nf2 Nd4 20. Qd2 b4 21. Nd1 Nb5 22. e5 Bxg2 23. Qxg2 Qc7 24. exd6 Qxd6 25. Nb2 Bxb2 26. Rxb2 Nc3 27. Qf2 Rbc8 28. Ra1 Rfd8 29. Bd2 Ra8 30. Bxc3+ bxc3 31. Rba2 Rxa2 32. Rxa2 Qb6 33. Qe1 Kg8 34. Ra4 Rd4 35. Ra1 Kf7 36. Qe5 Qb7 37. Qh8 1-0

[Event "28. Klatovy B 2022"]
[Site "Klatovy"]
[Date "2022.07.03"]
[Round "2.25"]
[White "Devera, Filip"]
[Black "Beran, Jakub"]
[Result "0-1"]
[WhiteElo "1287"]
[BlackElo "1676"]
[PlyCount "74"]
[EventDate "2022.07.02"]
[EventType "swiss"]
[EventRounds "9"]
[EventCountry "CZE"]

1. e4 c5 2. Nc3 Nc6 3. g3 g6 4. Bg2 Bg7 5. d3 d6 6. Be3 Nf6 7. h3 Bd7 8. f4 a6 9. Nf3 b5 10. a3 Rb8 11. b4 cxb4 12. axb4 Nxb4 13. Nd4 Nh5 14. Nce2 a5 15. O-O O-O 16. g4 Nf6 17. f5 Nc6 18. Qd2 b4 19. Bh6 Qb6 20. Bxg7 Kxg7 21. c3 e5 22. fxe6 fxe6 23. Kh1 Nxd4 24. Nxd4 e5 25. Nf3 a4 26. Nh4 bxc3 27. Qxc3 Qb4 28. Qc1 Rbc8 29. Qg5 Qc3 30. Nf5+ Bxf5 31. gxf5 Rf7 32. Rab1 Qxd3 33. fxg6 hxg6 34. h4 Rcf8 35. Rfd1 Qa6 36. Bh3 Nxe4 37. Qg2 Rf1+ 0-1

[Event "28. Klatovy B 2022"]
[Site "Klatovy"]
[Date "2022.07.03"]
[Round "2.26"]
[White "Fadrny, Jachym"]
[Black "Josko, Jiri"]
[Result "0-1"]
[WhiteElo "1198"]
[BlackElo "1584"]
[PlyCount "75"]
[EventDate "2022.07.02"]
[EventType "swiss"]
[EventRounds "9"]
[EventCountry "CZE"]

1. d4 Nf6 2. c4 e5 3. dxe5 Ng4 4. e3 Nxe5 5. Nh3 Bb4+ 6. Bd2 Qe7 7. Be2 Nbc6 8. a3 Bxd2+ 9. Qxd2 d6 10. Nf4 Be6 11. b3 Qf6 12. Nc3 Rd8 13. Rd1 Rd7 14. O-O O-O 15. Ncd5 Bxd5 16. Nxd5 Qd8 17. f4 Ng6 18. e4 Nce7 19. Ne3 c6 20. Bg4 f5 21. exf5 Nxf5 22. Bxf5 Re7 23. Bxg6 hxg6 24. Ng4 Qb6+ 25. Qd4 Qxb3 26. Qxd6 Ref7 27. Rd3 Qxc4 28. Ne5 Rxf4 29. Rfd1 Qa2 30. h3 Rf2 31. Qxg6 R2f6 32. Qg3 Qe2 33. Nf3 Kh7 34. Rd7 Qe3+ 35. Kh1 Rg6 36. Qh4+ Kg8 37. R1d3 Qe2 38. Qe1 0-1

[Event "28. Klatovy B 2022"]
[Site "Klatovy"]
[Date "2022.07.03"]
[Round "2.29"]
[White "Dolezal, Rudolf"]
[Black "Veverka, Max"]
[Result "1-0"]
[WhiteElo "1625"]
[BlackElo "1078"]
[PlyCount "57"]
[EventDate "2022.07.02"]
[EventType "swiss"]
[EventRounds "9"]
[EventCountry "CZE"]

1. e4 c5 2. Nf3 d6 3. h3 Nc6 4. Bb5 Bd7 5. Nc3 g6 6. d4 cxd4 7. Nxd4 Bg7 8. Nxc6 Bxc6 9. Bxc6+ bxc6 10. Qd3 Qd7 11. Bf4 Rd8 12. Rd1 e5 13. Bg3 Ne7 14. O-O O-O 15. f4 f6 16. Na4 d5 17. Nc5 Qd6 18. Nb7 Qd7 19. Nxd8 Rxd8 20. Qb3 Kh8 21. exd5 Nxd5 22. c4 exf4 23. Bxf4 g5 24. Bg3 Qe7 25. cxd5 Qc5+ 26. Bf2 Qe7 27. dxc6 Rxd1 28. Qb8+ Bf8 29. Rxd1 1-0

[Event "28. Klatovy B 2022"]
[Site "Klatovy"]
[Date "2022.07.03"]
[Round "2.30"]
[White "Kroulik, Stepan"]
[Black "Koupil, Stepan"]
[Result "1-0"]
[WhiteElo "1134"]
[BlackElo "1450"]
[PlyCount "75"]
[EventDate "2022.07.02"]
[EventType "swiss"]
[EventRounds "9"]
[EventCountry "CZE"]

1. d4 d5 2. Bf4 Nf6 3. e3 e6 4. c3 Be7 5. Nf3 O-O 6. Nbd2 b6 7. Bd3 Bb7 8. O-O Nbd7 9. Rc1 Ne4 10. Bxe4 dxe4 11. Ne5 c5 12. Qa4 Nxe5 13. Bxe5 f6 14. Bg3 a6 15. Qb3 Bd5 16. c4 Bc6 17. Qc3 a5 18. a3 Qd7 19. Rfd1 Rfd8 20. Nf1 Qb7 21. Nd2 Rd7 22. Rc2 Rad8 23. Nf1 e5 24. d5 Qb8 25. Nd2 Bb7 26. Nxe4 Ba6 27. f4 f5 28. fxe5 fxe4 29. e6 Rc7 30. Bxc7 Qxc7 31. Rf2 Bd6 32. Rf7 Bxh2+ 33. Kh1 Qe5 34. Qxe5 Bxe5 35. b3 Bc8 36. Rdf1 Bf6 37. Rf4 Be5 38. e7 1-0

[Event "28. Klatovy B 2022"]
[Site "Klatovy"]
[Date "2022.07.03"]
[Round "2.31"]
[White "Trcka, Bohdan"]
[Black "Lickova, Anna"]
[Result "1-0"]
[WhiteElo "1448"]
[BlackElo "1016"]
[PlyCount "123"]
[EventDate "2022.07.02"]
[EventType "swiss"]
[EventRounds "9"]
[EventCountry "CZE"]

1. e4 e5 2. Be2 Nc6 3. c3 Nf6 4. d3 d6 5. g4 h6 6. h4 Be6 7. Na3 d5 8. exd5 Nxd5 9. Nc2 Qd7 10. Bf3 O-O-O 11. g5 Bf5 12. Be4 Nf4 13. Bxf4 exf4 14. Qf3 Bxe4 15. dxe4 Qd2+ 16. Kf1 Qxc2 17. Qxf4 Bd6 18. Qg4+ Kb8 19. gxh6 Bc5 20. Nh3 gxh6 21. Re1 Qd3+ 22. Qe2 Qxe2+ 23. Kxe2 Rhe8 24. f3 f5 25. Kf1 fxe4 26. fxe4 Rf8+ 27. Ke2 Rg8 28. Nf4 Rg3 29. Rh3 Rxh3 30. Nxh3 a5 31. Rf1 Rf8 32. Rd1 Re8 33. Kf3 Bd6 34. Nf2 Rf8+ 35. Kg2 Ne5 36. Rd5 Rg8+ 37. Kf1 b6 38. b4 axb4 39. cxb4 Ng4 40. Rh5 Nxf2 41. Kxf2 Bxb4 42. Rxh6 Rf8+ 43. Ke2 Re8 44. Kd3 c5 45. h5 Ka7 46. Rh7+ Ka6 47. h6 b5 48. Rf7 c4+ 49. Ke3 Bc3 50. h7 Bh8 51. Rc7 Kb6 52. Rd7 b4 53. Rd1 b3 54. axb3 cxb3 55. Rb1 b2 56. Kd3 Rc8 57. Kd2 Kb5 58. Rg1 Ka4 59. Rg8 b1=Q 60. Rxc8 Qxe4 61. Rc2 Qxh7 62. Ke2 1-0

[Event "28. Klatovy B 2022"]
[Site "Klatovy"]
[Date "2022.07.03"]
[Round "2.32"]
[White "Nova, Anezka"]
[Black "Rudlof, Adam"]
[Result "1-0"]
[WhiteElo "1060"]
[BlackElo "1438"]
[PlyCount "71"]
[EventDate "2022.07.02"]
[EventType "swiss"]
[EventRounds "9"]
[EventCountry "CZE"]

1. e4 c5 2. Nf3 e6 3. c3 d5 4. exd5 exd5 5. d4 Nf6 6. Bg5 Be6 7. Be2 Nc6 8. O-O Bd6 9. Nbd2 O-O 10. Nb3 c4 11. Nbd2 h6 12. Bh4 b5 13. a4 b4 14. Bxf6 Qxf6 15. Nxc4 dxc4 16. d5 Bxh2+ 17. Nxh2 Rfd8 18. Bxc4 bxc3 19. bxc3 Qxc3 20. Rc1 Qf6 21. Qh5 g6 22. Qf3 Qg5 23. dxe6 Ne5 24. exf7+ Kf8 25. Qa3+ Kg7 26. Qc3 Kf8 27. f4 Qh4 28. fxe5 Rac8 29. Qa3+ Kg7 30. e6 Qd4+ 31. Kh1 Qe4 32. Rfe1 Qb7 33. e7 Rd2 34. Qc3+ Kh7 35. f8=N+ Rxf8 36. exf8=N# 1-0

[Event "28. Klatovy B 2022"]
[Site "Klatovy"]
[Date "2022.07.04"]
[Round "3.1"]
[White "Masek, Jan"]
[Black "Vana, Jan 2010"]
[Result "1-0"]
[WhiteElo "1865"]
[BlackElo "1708"]
[PlyCount "65"]
[EventDate "2022.07.02"]
[EventType "swiss"]
[EventRounds "9"]
[EventCountry "CZE"]

1. e4 c5 2. Nc3 Nc6 3. Bb5 Nd4 4. Nf3 a6 5. Bd3 g6 6. O-O Bg7 7. Nxd4 cxd4 8. Ne2 d5 9. c3 dxc3 10. dxc3 dxe4 11. Bxe4 Qc7 12. Qb3 Nf6 13. Bf3 O-O 14. Be3 Bg4 15. Bb6 Qb8 16. Nd4 e5 17. h3 Bxf3 18. Nxf3 Nd7 19. Be3 Qc7 20. Rad1 Nc5 21. Qc4 Rac8 22. Rd5 Ne6 23. Qxc7 Nxc7 24. Rd7 Rfd8 25. Rfd1 Ne6 26. Bb6 Rxd7 27. Rxd7 e4 28. Nd2 Bh6 29. Nxe4 Bc1 30. b3 Ng5 31. Nxg5 Bxg5 32. Rxb7 f5 33. Bc7 1-0

[Event "28. Klatovy B 2022"]
[Site "Klatovy"]
[Date "2022.07.04"]
[Round "3.2"]
[White "Vnoucek, Pavel"]
[Black "Danek, Vaclav"]
[Result "0-1"]
[WhiteElo "1678"]
[BlackElo "1862"]
[PlyCount "120"]
[EventDate "2022.07.02"]
[EventType "swiss"]
[EventRounds "9"]
[EventCountry "CZE"]

1. e4 d6 2. d4 Nf6 3. Nc3 g6 4. Nf3 Bg7 5. Be2 O-O 6. O-O c6 7. a4 Qc7 8. h3 e5 9. dxe5 dxe5 10. Be3 Nbd7 11. Qc1 Re8 12. Rd1 b6 13. Bg5 Nf8 14. Qe3 Ne6 15. Bf1 Nd7 16. Bc4 Ndf8 17. Bh6 Bh8 18. Rd2 Nd4 19. Rad1 Be6 20. Bxe6 Nfxe6 21. Nh2 Rad8 22. g3 a6 23. f4 b5 24. Qf2 b4 25. Ne2 Nxc2 26. f5 Ned4 27. Nxd4 Rxd4 28. Rxd4 Nxd4 29. fxg6 hxg6 30. Ng4 Re6 31. Rf1 f5 32. Be3 Bg7 33. Bxd4 fxg4 34. Bc5 Rf6 35. Qe2 gxh3 36. Rxf6 Bxf6 37. Qg4 Kg7 38. Bxb4 Qb6+ 39. Kh2 Qxb4 40. Qd7+ Be7 41. Kxh3 Qd6 42. Qb7 c5 43. Qa7 Kf7 44. Qb7 Qe6+ 45. Kg2 c4 46. Qa8 Kg7 47. Qb7 Kh6 48. Qa8 Qf6 49. Qd5 Qd6 50. Qxc4 Qd2+ 51. Kh3 Qxb2 52. Qxa6 Qd4 53. Qb7 Bc5 54. a5 Qf2 55. Qd5 Bd4 56. a6 Qf1+ 57. Kg4 Qxa6 58. Qg8 Qf6 59. Qc8 Bf2 60. Qc3 Qg5+ 0-1

[Event "28. Klatovy B 2022"]
[Site "Klatovy"]
[Date "2022.07.04"]
[Round "3.3"]
[White "Sova, Zdenek"]
[Black "Zednik, Zdenek"]
[Result "0-1"]
[WhiteElo "1669"]
[BlackElo "1845"]
[PlyCount "86"]
[EventDate "2022.07.02"]
[EventType "swiss"]
[EventRounds "9"]
[EventCountry "CZE"]

1. Nf3 c5 2. c4 Nf6 3. Nc3 g6 4. e4 d6 5. d3 Nc6 6. h3 Bg7 7. Be2 O-O 8. O-O a6 9. a3 Rb8 10. a4 e6 11. Bd2 b6 12. Rb1 Nd7 13. Qc1 Nde5 14. Bh6 Nxf3+ 15. Bxf3 Nd4 16. Bd1 Bb7 17. Bxg7 Kxg7 18. Ne2 Qf6 19. Nxd4 Qxd4 20. Qc3 d5 21. Qxd4+ cxd4 22. cxd5 exd5 23. f3 dxe4 24. fxe4 Rbc8 25. Bb3 a5 26. Rbc1 Ba6 27. Bc4 Bxc4 28. Rxc4 Rxc4 29. dxc4 Re8 30. Re1 Kf6 31. Kf2 Ke5 32. Rc1 Kd6 33. Kf3 Kc5 34. b3 Kb4 35. Rd1 Kc3 36. g4 Rd8 37. e5 Kc2 38. Ke2 d3+ 39. Ke1 Rd4 40. Rd2+ Kxb3 41. Kf2 Kc3 42. Ke3 Re4+ 43. Kxe4 Kxd2 0-1

[Event "28. Klatovy B 2022"]
[Site "Klatovy"]
[Date "2022.07.04"]
[Round "3.4"]
[White "Bara, Jan"]
[Black "Koper, Stefan"]
[Result "0-1"]
[WhiteElo "1616"]
[BlackElo "1829"]
[PlyCount "118"]
[EventDate "2022.07.02"]
[EventType "swiss"]
[EventRounds "9"]
[EventCountry "CZE"]

1. d4 g6 2. e4 Bg7 3. Nf3 c6 4. c4 d6 5. Nc3 Bg4 6. Be2 Nd7 7. Be3 Bxf3 8. Bxf3 e5 9. d5 c5 10. Qd2 h6 11. g4 Ndf6 12. h4 h5 13. g5 Nd7 14. a3 Ne7 15. b4 b6 16. bxc5 Nxc5 17. Bxc5 bxc5 18. Rb1 O-O 19. O-O f6 20. Bg2 fxg5 21. Qxg5 Kh7 22. Rb7 Rf7 23. Bh3 Bh6 24. Qg2 Rg7 25. Rd7 Qf8 26. Rxd6 Nf5 27. exf5 gxf5 28. Qxg7+ Bxg7 29. Rd7 e4 30. Kh1 Qf6 31. Rg1 Rg8 32. Nxe4 fxe4 33. Rg5 Qf3+ 34. Bg2 Qd1+ 35. Kh2 Qe2 36. Rxa7 Kh8 37. d6 Bh6 38. Rxg8+ Kxg8 39. d7 Bf4+ 40. Kg1 Qd1+ 41. Bf1 Bb8 42. Rb7 Qd6 43. Bg2 Bc7 44. Bxe4 Qxd7 45. Bd5+ Kf8 46. a4 Qg4+ 47. Kf1 Qh3+ 48. Ke2 Qg4+ 49. f3 Qxh4 50. Kd3 Qd4+ 51. Ke2 h4 52. Ra7 Bf4 53. Ra8+ Ke7 54. Ra7+ Kf6 55. Rf7+ Kg6 56. Re7 Qd2+ 57. Kf1 h3 58. Re2 Qd1+ 59. Kf2 Qxe2+ 0-1

[Event "28. Klatovy B 2022"]
[Site "Klatovy"]
[Date "2022.07.04"]
[Round "3.5"]
[White "Hanzlik, Jiri"]
[Black "Benes, Jachym"]
[Result "0-1"]
[WhiteElo "1609"]
[BlackElo "1776"]
[PlyCount "48"]
[EventDate "2022.07.02"]
[EventType "swiss"]
[EventRounds "9"]
[EventCountry "CZE"]

1. c4 f5 2. Nc3 Nf6 3. Nf3 d6 4. d4 g6 5. e3 Bg7 6. Be2 O-O 7. O-O Qe8 8. Nb5 Qd8 9. Bd2 Ne4 10. Be1 Nd7 11. Nc3 Ndf6 12. Bd3 Re8 13. Qc2 e5 14. d5 Nxc3 15. Bxc3 e4 16. Nd4 exd3 17. Qxd3 Ne4 18. Ne6 Bxe6 19. Bxg7 Kxg7 20. f3 Nc5 21. Qc3+ Qf6 22. Qxf6+ Kxf6 23. dxe6 Rxe6 24. Rfe1 Rae8 0-1

[Event "28. Klatovy B 2022"]
[Site "Klatovy"]
[Date "2022.07.04"]
[Round "3.6"]
[White "Cyron, Karel"]
[Black "Stanke, Petr"]
[Result "1/2-1/2"]
[WhiteElo "1708"]
[BlackElo "1522"]
[PlyCount "84"]
[EventDate "2022.07.02"]
[EventType "swiss"]
[EventRounds "9"]
[EventCountry "CZE"]

1. e4 e6 2. d4 d5 3. Nc3 Nf6 4. Bg5 Be7 5. e5 Nfd7 6. h4 c5 7. Nb5 Bxg5 8. Nd6+ Ke7 9. hxg5 cxd4 10. Qxd4 Nc6 11. Qh4 Ndxe5 12. Nxc8+ Rxc8 13. O-O-O Ng6 14. Qa4 Qd6 15. Ne2 Qb4 16. Qxb4+ Nxb4 17. c3 Nc6 18. f4 Kd7 19. g4 h6 20. f5 Nge5 21. fxe6+ fxe6 22. gxh6 gxh6 23. Bh3 Rcf8 24. g5 Kd6 25. Ng3 Rf4 26. gxh6 Rxh6 27. b3 Ng4 28. Bxg4 Rxh1 29. Rxh1 Rxg4 30. Ne2 Rg2 31. Kd1 a5 32. Rh6 Rf2 33. Ke1 Rf7 34. Kd2 b5 35. a3 a4 36. bxa4 bxa4 37. Rh4 Ra7 38. Nd4 Nxd4 39. Rxd4 Kc5 40. Rb4 e5 41. Ke3 Ra8 42. Kd3 Ra7 1/2-1/2

[Event "28. Klatovy B 2022"]
[Site "Klatovy"]
[Date "2022.07.04"]
[Round "3.7"]
[White "Skopec, Lubos"]
[Black "Sindelar, Jan 2000"]
[Result "0-1"]
[WhiteElo "1860"]
[BlackElo "1466"]
[PlyCount "76"]
[EventDate "2022.07.02"]
[EventType "swiss"]
[EventRounds "9"]
[EventCountry "CZE"]

1. e4 c6 2. d4 d5 3. Nc3 dxe4 4. Nxe4 Bf5 5. Ng3 Bg6 6. Nf3 Nd7 7. h4 h6 8. h5 Bh7 9. Bd3 Bxd3 10. Qxd3 Qc7 11. Be3 Ngf6 12. O-O-O e6 13. Ne2 Nd5 14. c3 b5 15. g3 b4 16. c4 Nxe3 17. Qxe3 Be7 18. Ne5 O-O 19. f4 Nxe5 20. dxe5 Qa5 21. Kb1 Bc5 22. Qe4 Qc7 23. Rd3 Rad8 24. Rhd1 Rxd3 25. Qxd3 a5 26. Kc2 a4 27. g4 Rb8 28. Kb1 b3 29. a3 Qe7 30. Qc3 Rd8 31. Rd3 Qh4 32. Rxd8+ Qxd8 33. Kc1 Qh4 34. Kd2 Qxg4 35. Qa5 Bf2 36. Qxa4 Qf3 37. Qa6 Qe3+ 38. Kd1 Qd3+ 0-1

[Event "28. Klatovy B 2022"]
[Site "Klatovy"]
[Date "2022.07.04"]
[Round "3.8"]
[White "Rezac, Jindrich"]
[Black "Svec, Ludek"]
[Result "1-0"]
[WhiteElo "1833"]
[BlackElo "1585"]
[PlyCount "115"]
[EventDate "2022.07.02"]
[EventType "swiss"]
[EventRounds "9"]
[EventCountry "CZE"]

1. c4 Nf6 2. g3 e6 3. Bg2 d5 4. Nc3 c6 5. b3 Be7 6. e3 O-O 7. Nf3 Nbd7 8. O-O Re8 9. Bb2 Qa5 10. d4 Ba3 11. Qc1 Bxb2 12. Qxb2 dxc4 13. bxc4 Nb6 14. c5 Nbd5 15. Rfc1 Nxc3 16. Rxc3 Nd5 17. Rb3 Qd8 18. Ne5 Re7 19. Rb1 a5 20. Nc4 Ra7 21. Nd6 Qc7 22. e4 Nf6 23. f4 h6 24. Qc3 Kf8 25. h3 Ne8 26. e5 Qd8 27. Ra3 Nxd6 28. cxd6 Rd7 29. Qc5 Ra8 30. Rb6 f5 31. Rxa5 Rxa5 32. Qxa5 g5 33. Qb4 gxf4 34. gxf4 Qh4 35. Qd2 Rg7 36. Rb3 Ke8 37. Qf2 Qh5 38. Kh2 Kd7 39. Rg3 Rxg3 40. Qxg3 Qf7 41. Qb3 Qg8 42. Qb6 Qd8 43. Qxd8+ Kxd8 44. Kg3 Ke8 45. Bf3 Bd7 46. Kf2 b6 47. Ke3 Kd8 48. Kd3 Kc8 49. Kc3 Kb7 50. Kb4 Be8 51. a4 Ka6 52. d5 c5+ 53. Kc4 Bd7 54. dxe6 Bxe6+ 55. Bd5 Bd7 56. e6 b5+ 57. axb5+ Bxb5+ 58. Kxc5 1-0

[Event "28. Klatovy B 2022"]
[Site "Klatovy"]
[Date "2022.07.04"]
[Round "3.9"]
[White "Lener, Jaroslav 1975"]
[Black "Pucholt, Martin 1978"]
[Result "1-0"]
[WhiteElo "1796"]
[BlackElo "1566"]
[PlyCount "59"]
[EventDate "2022.07.02"]
[EventType "swiss"]
[EventRounds "9"]
[EventCountry "CZE"]

1. c4 Nf6 2. d4 g6 3. Nc3 d5 4. cxd5 Nxd5 5. e4 Nxc3 6. bxc3 Bg7 7. Nf3 c5 8. Be3 Nc6 9. Bb5 O-O 10. O-O Bg4 11. Qa4 Bxf3 12. Bxc6 bxc6 13. gxf3 Qc7 14. Rac1 f5 15. Qc4+ Kh8 16. Qxc5 f4 17. Bd2 Qd7 18. Qg5 e5 19. Rfd1 Qh3 20. Qg4 Qh6 21. Be1 Rf7 22. d5 c5 23. c4 Rd8 24. Rb1 Bf8 25. Rb5 Rdd7 26. Rdb1 Bd6 27. a4 g5 28. Bc3 Qg6 29. Qe6 Qg7 30. Rb8+ 1-0

[Event "28. Klatovy B 2022"]
[Site "Klatovy"]
[Date "2022.07.04"]
[Round "3.10"]
[White "Rudlof, Jan"]
[Black "Berkovec, Josef"]
[Result "1-0"]
[WhiteElo "1767"]
[BlackElo "1544"]
[PlyCount "73"]
[EventDate "2022.07.02"]
[EventType "swiss"]
[EventRounds "9"]
[EventCountry "CZE"]

1. d4 d5 2. c4 e6 3. Nc3 Nf6 4. cxd5 exd5 5. Bg5 c6 6. e3 Be7 7. Bd3 Nbd7 8. Qc2 h6 9. Bh4 g5 10. Bg3 Nh5 11. Nge2 Nxg3 12. Nxg3 Nf6 13. Nf5 Bxf5 14. Bxf5 a6 15. O-O Bd6 16. f3 Qc7 17. g3 O-O 18. Rad1 Qe7 19. e4 dxe4 20. fxe4 Bc7 21. Qe2 Rfe8 22. Qf3 Rad8 23. e5 Bxe5 24. dxe5 Qxe5 25. Bc2 Rxd1 26. Bxd1 Kg7 27. Bc2 Re7 28. Rf2 Qd4 29. Qd3 Qe5 30. Kg2 Rd7 31. Qf5 Qd4 32. Bb3 Re7 33. h3 Rd7 34. Re2 Qd6 35. Qe5 Qf8 36. Ne4 Qd8 37. Rf2 1-0

[Event "28. Klatovy B 2022"]
[Site "Klatovy"]
[Date "2022.07.04"]
[Round "3.11"]
[White "Josko, Jiri"]
[Black "Vachal, Josef1"]
[Result "1/2-1/2"]
[WhiteElo "1584"]
[BlackElo "1765"]
[PlyCount "27"]
[EventDate "2022.07.02"]
[EventType "swiss"]
[EventRounds "9"]
[EventCountry "CZE"]

1. d4 Nf6 2. Bf4 g6 3. Nc3 d5 4. Qd2 Bg7 5. O-O-O O-O 6. f3 Re8 7. e4 dxe4 8. fxe4 Nh5 9. Bc4 Qxd4 10. Qxd4 Bxd4 11. Bxc7 Bxc3 12. bxc3 Ng7 13. Nf3 Be6 14. Bd5 1/2-1/2

[Event "28. Klatovy B 2022"]
[Site "Klatovy"]
[Date "2022.07.04"]
[Round "3.12"]
[White "Kotesovec, Jaroslav"]
[Black "Chmelik, Ladislav"]
[Result "0-1"]
[WhiteElo "1543"]
[BlackElo "1730"]
[PlyCount "58"]
[EventDate "2022.07.02"]
[EventType "swiss"]
[EventRounds "9"]
[EventCountry "CZE"]

1. e4 d6 2. d4 g6 3. Nf3 Bg7 4. Bc4 Nf6 5. Ng5 O-O 6. O-O h6 7. Nf3 Nxe4 8. Re1 Nf6 9. h3 Nbd7 10. Nc3 a6 11. Nd5 Nxd5 12. Bxd5 c6 13. Bb3 c5 14. c3 cxd4 15. Nxd4 Nc5 16. Bc2 Re8 17. b4 e5 18. Nf3 Ne6 19. Qd5 Nc7 20. Qc4 Be6 21. Qh4 Qxh4 22. Nxh4 e4 23. Rxe4 Bxc3 24. Rb1 Bxa2 25. Rg4 Bxb1 26. Bb3 Re1+ 27. Kh2 g5 28. Bxg5 hxg5 29. Rxg5+ Bg7 0-1

[Event "28. Klatovy B 2022"]
[Site "Klatovy"]
[Date "2022.07.04"]
[Round "3.13"]
[White "Durchan, Milan 1961"]
[Black "Vasko, Pavel"]
[Result "1/2-1/2"]
[WhiteElo "1687"]
[BlackElo "1477"]
[PlyCount "47"]
[EventDate "2022.07.02"]
[EventType "swiss"]
[EventRounds "9"]
[EventCountry "CZE"]

1. e4 e5 2. Nf3 Nf6 3. d4 Nxe4 4. Bd3 Nf6 5. dxe5 Nd5 6. O-O d6 7. Re1 Be7 8. Bxh7 dxe5 9. Be4 Nf6 10. Qxd8+ Bxd8 11. Bd3 Be6 12. Nxe5 Be7 13. Nd2 Nbd7 14. Nxd7 Nxd7 15. Bc4 Nf8 16. f4 O-O-O 17. g3 Bc5+ 18. Kg2 Rxd2+ 19. Bxd2 Bxc4 20. Be3 Bd6 21. b3 Bd5+ 22. Kg1 b6 23. c4 Bc6 24. a3 1/2-1/2

[Event "28. Klatovy B 2022"]
[Site "Klatovy"]
[Date "2022.07.04"]
[Round "3.14"]
[White "Levinsky, Ladislav"]
[Black "Berka, Lubos"]
[Result "1/2-1/2"]
[WhiteElo "1498"]
[BlackElo "1677"]
[PlyCount "164"]
[EventDate "2022.07.02"]
[EventType "swiss"]
[EventRounds "9"]
[EventCountry "CZE"]

1. Nf3 Nf6 2. d4 g6 3. Bf4 Bg7 4. c3 d6 5. Nbd2 c5 6. e3 cxd4 7. cxd4 O-O 8. Bd3 Nc6 9. Qb1 Nb4 10. a3 Nxd3+ 11. Qxd3 Nh5 12. Bg3 Qb6 13. Qb3 Qxb3 14. Nxb3 Be6 15. Nbd2 Rac8 16. O-O Rc2 17. b4 Rfc8 18. h3 Nxg3 19. fxg3 Bh6 20. Rfe1 R8c3 21. Kf2 Bd5 22. Re2 Rd3 23. Nf1 Rcc3 24. a4 Ra3 25. Rxa3 Rxa3 26. a5 Bc6 27. Rb2 Bb5 28. N3d2 d5 29. h4 e6 30. g4 Bf8 31. Nb1 Bxf1 32. Nxa3 Bd3 33. Nb1 Be7 34. g3 g5 35. h5 h6 36. Nd2 Kf8 37. Kf3 Ke8 38. e4 Bf6 39. Ke3 Bb5 40. Nb3 b6 41. Nd2 e5 42. Nf3 exd4+ 43. Nxd4 dxe4 44. Kxe4 Bd7 45. Rc2 Bxg4 46. axb6 axb6 47. Rc6 Bxd4 48. Kxd4 Bxh5 49. Rxh6 Bg6 50. Kd5 Kd7 51. Rh1 Bf5 52. Ke5 Be6 53. Rc1 g4 54. b5 f6+ 55. Kxf6 Bd5 56. Rd1 Kd6 57. Rc1 Bf3 58. Kf5 Kd7 59. Rc2 Kd6 60. Kf4 Kd7 61. Ke5 Bb7 62. Rd2+ Kc7 63. Rd4 Bf3 64. Ke6 Be2 65. Rb4 Bf3 66. Rc4+ Kb7 67. Kd6 Kb8 68. Rf4 Kb7 69. Rf7+ Kb8 70. Re7 Bg2 71. Rf7 Bf3 72. Ke6 Be2 73. Rf5 Kc7 74. Re5 Bf3 75. Re3 Kc8 76. Kf5 Kc7 77. Kf4 Bd1 78. Kf5 Bf3 79. Rc3+ Kb7 80. Rc4 Be2 81. Rb4 Kc7 82. Kf4 Kb7 1/2-1/2

[Event "28. Klatovy B 2022"]
[Site "Klatovy"]
[Date "2022.07.04"]
[Round "3.15"]
[White "Beran, Jakub"]
[Black "Andrle, Filip"]
[Result "0-1"]
[WhiteElo "1676"]
[BlackElo "1495"]
[PlyCount "122"]
[EventDate "2022.07.02"]
[EventType "swiss"]
[EventRounds "9"]
[EventCountry "CZE"]

1. c4 e5 2. Nc3 f5 3. d3 Nf6 4. Nf3 d6 5. g3 g6 6. Bg2 Bg7 7. Bd2 O-O 8. O-O a5 9. a3 c6 10. Qc2 h6 11. c5 Na6 12. cxd6 Qxd6 13. Rad1 Nc7 14. Na4 b5 15. Nc5 Ne6 16. b4 Nxc5 17. bxc5 Qe6 18. Bc3 Nd7 19. Nd2 Bb7 20. Nb3 a4 21. Nd2 Rae8 22. Rfe1 Kh7 23. e3 Rf7 24. Bb2 g5 25. Rf1 Bf8 26. d4 e4 27. Rde1 Nf6 28. f3 Rfe7 29. Rf2 Bg7 30. fxe4 fxe4 31. Ref1 Kh8 32. Qd1 Nd5 33. Qe2 Qg6 34. Bh3 Bc8 35. Bf5 Bxf5 36. Rxf5 Re6 37. g4 Rf6 38. Bc1 Rxf5 39. Rxf5 Rf8 40. Nxe4 Rxf5 41. gxf5 Qxf5 42. Nd6 Qe6 43. Kf2 Qh3 44. Ke1 Qh4+ 45. Qf2 Qg4 46. Nf7+ Kg8 47. Nd6 Nc3 48. Kd2 Ne4+ 49. Nxe4 Qxe4 50. Bb2 Qb1 51. Kc3 Qd1 52. Qc2 Qxc2+ 53. Kxc2 Kf7 54. Bc3 Bf8 55. Kd3 Ke6 56. e4 h5 57. Bd2 g4 58. Bf4 Be7 59. Bg3 Bg5 60. Be1 Bc1 61. Bb4 Bf4 0-1

[Event "28. Klatovy B 2022"]
[Site "Klatovy"]
[Date "2022.07.04"]
[Round "3.16"]
[White "Macho, Miloslav"]
[Black "Bukvaj, Jan"]
[Result "1/2-1/2"]
[WhiteElo "1664"]
[BlackElo "1342"]
[PlyCount "39"]
[EventDate "2022.07.02"]
[EventType "swiss"]
[EventRounds "9"]
[EventCountry "CZE"]

1. Nf3 Nf6 2. d4 d5 3. Bg5 Nbd7 4. e3 e6 5. Bd3 Be7 6. c4 h6 7. Bh4 O-O 8. Nc3 c5 9. O-O b6 10. Rc1 Bb7 11. dxc5 dxc4 12. Bxc4 Nxc5 13. Qxd8 Rfxd8 14. Rfd1 Bxf3 15. gxf3 Kf8 16. Bg3 Nh5 17. Be5 Bf6 18. Bd6+ Be7 19. Be5 Bf6 20. Bd6+ 1/2-1/2

[Event "28. Klatovy B 2022"]
[Site "Klatovy"]
[Date "2022.07.04"]
[Round "3.17"]
[White "Kasik, Denis"]
[Black "Jirasek, Jiri"]
[Result "0-1"]
[WhiteElo "1361"]
[BlackElo "1878"]
[PlyCount "51"]
[EventDate "2022.07.02"]
[EventType "swiss"]
[EventRounds "9"]
[EventCountry "CZE"]

1. e4 e5 2. Nf3 Nc6 3. d4 exd4 4. Bc4 Nf6 5. O-O d6 6. Bg5 Be7 7. Re1 Ne5 8. Be2 c5 9. Nbd2 O-O 10. Nxe5 dxe5 11. Bc4 Bg4 12. f3 Bh5 13. Bxf6 Bxf6 14. Bd5 Bg5 15. Nf1 Kh8 16. a4 f5 17. a5 fxe4 18. Bxe4 Rb8 19. Qd3 h6 20. Ra3 Bf7 21. Rea1 c4 22. Qe2 b5 23. axb6 Qxb6 24. Kh1 Qxb2 25. Rxa7 d3 26. cxd3 0-1